000 00717nam a2200289Ia 4500
005 20260324123407.0
008 008 260324s9999 xx 000 0 eng d
020 _a9780203839867
037 _aEBOOK
040 _aCRL
040 _beng
040 _cCRL
041 _2eng
041 _aeng
084 _qCRL
100 _aRobert M. Howard; Amy Steigerwalt
_91170135
245 0 _aJudging Law and Policy
245 0 _bCourts and Policymaking in the American Political System
260 _bTaylor and Francis
260 _c2012
365 _a
365 _b255
856 _uhttp://www.taylorfrancis.com/books/9780203839867
942 _cEBOOK
999 _c1763638
_d1763638